Poetas del surrealismo /
Guardado en:
| Formato: | Libro |
|---|---|
| Publicado: |
Ciudad Autónoma de Buenos Aires :
Liviatán,
2013
|
| Edición: | 1ª ed. |
| Materias: | |
| Etiquetas: |
Agregar Etiqueta
Sin Etiquetas, Sea el primero en etiquetar este registro!
|
| LEADER | 02054nam a22002175a 4500 | ||
|---|---|---|---|
| 001 | CEM.cems014330 | ||
| 005 | 20140407124402.0 | ||
| 008 | 130507s2013##################000#0#####d | ||
| 003 | CEMS | ||
| 020 | |a 9789875142336 | ||
| 082 | 0 | 4 | |a 808.8 |
| 245 | 0 | 0 | |a Poetas del surrealismo / |c Luis Aragón y Otros ; selección y Prólogo Reynaldo Jiménez. |
| 250 | |a 1ª ed. | ||
| 260 | |a Ciudad Autónoma de Buenos Aires : |b Liviatán, |c 2013 | ||
| 300 | |a 91p. | ||
| 505 | 0 | |a El juicio original(extractos) / André Breton & Pqaul Eluard -- El idioma de los santos / Benjamín Péret -- Prejuicio / Lous Aragon -- El pez telescopio rompe piedras al fondo de los libros / André Breton -- Dos poemas / Georges Schehadé -- Puedo creerle a mi tìmpano / Max Ernst -- Van Gogh o el suicidado de la sociedad / Antonin Artaud -- Hilandera / Francis Picabia -- Nosotros dos / Paul Éluard -- Los sentidos / Gui Rosey -- Entre nuestros artículos / Marcel Duchamp -- El diablillo / Jacques Prévert -- Las fuentes de la noche / Robert Desnos -- La hora del pastor / Georges Hugnet -- Un hombre y una mujer absolutamente blancos / André Breton -- Te lo dije / Paul Eluard -- Despertar / Tristan tzara -- Éxtasis / Antonin Artaud -- Una noche / Giorgio De Chirico -- Quién es / Benjamín Pére t-- Rrose Sélavy / Marcel Duchamp -- Literatura / Robert Desnos -- Equinoccio / Max Ernst -- 28 Noviembre XXXV /Pablo Picasso -- Sophie / Hans Arp -- Domingo / Philippe Soupault -- Puedo consumirme / Louis Aragon -- Cinco poemas / Geroges Schehadé -- Parpadeo / Benjamín Péret -- La noble flor de fuego / Georges Limbour -- Los perros de Asniéres / Raymond Queneau -- Memorial a los tres reinos / César Moro -- Gruta / Alice Rahon Paalen -- La explicación de las metáforas / Raymond Queneau -- Los niños que se aman / Jacques Prévert -- Certidumbre / Paul Éluard | |
| 653 | |a Literatura | ||
| 653 | |a Poesías | ||
| 653 | |a Poesía surrealista | ||
| 653 | |a Ministerio de educación-colección literaria | ||
| 859 | |a CEMS |b BIB. CEMS - 11 de abril |h 808.8 |i J564 |p 26813.14 |t Ej.1 | ||
